ბათუმის შოთა რუსთაველის სახელმწიფო უნივერსიტეტის ბიბლიოთეკა

”ვივა-კუბა”= ”Вива Куба” (ბიბ.ჩანაწერი № 48326)

000 -LEADER
fixed length control field 00813nam a2200229Ia 4500
001 - CONTROL NUMBER
control field 15214
003 - CONTROL NUMBER IDENTIFIER
control field GE_BSU
008 - FIXED-LENGTH DATA ELEMENTS--GENERAL INFORMATION
fixed length control field 181216s||||||||xx |||||||||||||| ||und||
040 ## - CATALOGING SOURCE
Transcribing agency GE_BSU
080 ## - UNIVERSAL DECIMAL CLASSIFICATION NUMBER
Universal Decimal Classification number 821.353.1-2
100 ## - MAIN ENTRY--PERSONAL NAME
Personal name შერვაშიძე, ამირან
245 ## - TITLE STATEMENT
Title ”ვივა-კუბა”= ”Вива Куба”
245 ## - TITLE STATEMENT
Statement of responsibility, etc. შემდგ. მ.მჭედლიშვილი. მხატვ.ო.ჯიშკარიანი
260 ## - PUBLICATION, DISTRIBUTION, ETC.
Place of publication, distribution, etc. თბილისი
260 ## - PUBLICATION, DISTRIBUTION, ETC.
Name of publisher, distributor, etc. ხელოვნება
260 ## - PUBLICATION, DISTRIBUTION, ETC.
Date of publication, distribution, etc. 1977
300 ## - PHYSICAL DESCRIPTION
Extent 170გვ.8ფ.ილ.22სმ.
520 ## - SUMMARY, ETC.
Summary, etc. პიესის სცენური ცხოვრება
653 ## - INDEX TERM--UNCONTROLLED
Uncontrolled term ”ვივა-კუბა”= ”Вива Куба”
653 ## - INDEX TERM--UNCONTROLLED
Uncontrolled term პიესა
942 ## - ADDED ENTRY ELEMENTS (KOHA)
Koha item type წიგნი
ეგზემპლარები
Withdrawn status Lost status Damaged status Not for loan Date acquired Barcode Date last seen Price effective from Koha item type
        2018-12-17 38286 2018-12-17 2018-12-17 წიგნი
        2018-12-17 38287 2018-12-17 2018-12-17 წიგნი